Statistiques concernant Tous les premiers choix de la Draft NBA

Cliquez ici pour prendre le quiz!

Statistiques générales

  • Ce quiz a été pris 135 fois
    (58 depuis la dernière actualisation)
  • Le résultat moyen est 26 sur 77

Statistiques - réponses

DateProvenanceEquipeJoueur% Correct
2020GeorgiaTimberwolves du MinnesotaAnthony Edwards
92%
2019DukePelicans de La Nouvelle-OrléansZion Williamson
92%
2022DukeMagic d'OrlandoPaolo Banchero
90%
2003St. Vincent-St. Mary HSCavaliers de ClevelandLeBron James
88%
2011DukeCavaliers de ClevelandKyrie Irving
86%
2009OklahomaClippers de Los AngelesBlake Griffin
80%
2016LSU76ers de PhiladelphieBen Simmons
78%
2018ArizonaSuns de PhoenixDeAndre Ayton
78%
2015KentuckyTimberwolves du MinnesotaKarl-Anthony Towns
78%
2008MemphisBulls de ChicagoDerrick Rose
76%
2010KentuckyWizards de WashingtonJohn Wall
76%
2012KentuckyHornets de la Nouvelle-OrléansAnthony Davis
73%
1997Wake ForestSpurs de San AntonioTim Duncan
73%
1984HoustonRockets de HoustonAkeem Olajuwon
69%
1992LSUMagic d'OrlandoShaquille O'Neal
67%
2014KansasCavaliers de ClevelandAndrew Wiggins
65%
2013UNLVCavaliers de ClevelandAnthony Bennett
65%
2017Washington76ers de PhiladelphieMarkelle Fultz
65%
2004Southwest Atlanta Christian AcademyMagic d'OrlandoDwight Howard
63%
1996Georgetown76ers de PhiladelphieAllen Iverson
61%
2023Metropolitans 92Spurs de San AntonioVictor Wembanyama
61%
2002Shanghai SharksRockets de HoustonYao Ming
61%
2021Oklahoma StatePistons de DétroitCade Cunningham
57%
1987NavySpurs de San AntonioDavid Robinson
57%
1979Michigan StateLakers de Los AngelesMagic Johnson
55%
1985GeorgetownKnicks de New YorkPatrick Ewing
55%
1994PurdueBucks de MilwaukeeGlenn Robinson
53%
2007Ohio StateTrail Blazers de PortlandGreg Oden
53%
1969UCLABucks de MilwaukeeKareem Abdul-Jabbar
51%
1991UNLVHornets de CharlotteLarry Johnson
47%
1966MichiganKnicks de New YorkCazzie Russell
39%
1960CincinnatiRoyals de CincinnatiOscar Robertson
39%
2005UtahBucks de MilwaukeeAndrew Bogut
27%
2006Benetton TréviseRaptors de TorontoAndrea Bargnani
24%
1974UCLATrail Blazers de PortlandBill Walton
24%
1993MichiganMagic d'OrlandoChris Webber
24%
1958SeattleLakers de MinneapolisElgin Baylor
20%
1982North CarolinaLakers de Los AngelesJames Worthy
20%
2001Glynn Academy HSWizards de WashingtonKwame Brown
20%
1972LoyolaTrail Blazers de PortlandLaRue Martin
18%
1999DukeBulls de ChicagoElton Brand
16%
2000CincinnatiNets du New JerseyKenyon Martin
16%
1968HoustonRockets de San DiegoElvin Hayes
12%
1995MarylandWarriors de Golden StateJoe Smith
12%
1983VirginiaRockets de HoustonRalph Sampson
12%
1986North CarolinaCavaliers de ClevelandBrad Daugherty
10%
1975NC StateHawks d'AtlantaDavid Thompson
10%
1981DePaulMavericks de DallasMark Aguirre
10%
1998PacificClippers de Los AngelesMichael Olowokandi
10%
1978MinnesotaTrail Blazers de PortlandMychal Thompson
10%
1956DuquesneRoyals de RochesterSihugo Green
10%
1971Notre DameCavaliers de ClevelandAustin Carr
8%
1973Illinois State76ers de PhiladelphieDoug Collins
8%
1964Texas WesternKnicks de New YorkJim Barnes
8%
1970St. BonaventurePistons de DétroitBob Lanier
6%
1988KansasClippers de Los AngelesDanny Manning
6%
1990SyracuseNets du New JerseyDerrick Coleman
6%
1967ProvidencePistons de DétroitJimmy Walker
6%
1980PurdueWarriors de Golden StateJoe Barry Carroll
6%
1976MarylandRockets de HoustonJohn Lucas
6%
1962UtahZephyrs de ChicagoBill McGill
4%
1959Kansas StateRoyals de CincinnatiBob Boozer
4%
1947Texas WesleyanIronmen de PittsburghClifton McNeely
4%
1955DuquesneHawks de MilwaukeeDick Ricketts
4%
1965DavidsonWarriors de San FranciscoFred Hetzel
4%
1977IndianaBucks de MilwaukeeKent Benson
4%
1989LouisvilleKings de SacramentoPervis Ellison
4%
1961IndianaPackers de ChicagoWalt Bellamy
4%
1948MarshallSteamrollers de ProvidenceAndy Tonkovich
2%
1963DukeKnicks de New YorkArt Heyman
2%
1951BradleyBullets de BaltimoreCharlie Share
2%
1950Bowling GreenBoston CelticsCharlie Share
2%
1954FurmanBullets de BaltimoreFrank Selvy
2%
1952West VirginiaHawks de MilwaukeeMark Workman
2%
1953Long IslandBullets de BaltimoreRay Felix
2%
1957West VirginiaRoyals de RochesterRod Hundley
2%
1949Kansas StateSteamrollers de ProvidenceHowie Shannon
0%

Distribution des résultats

Percentile par nombre de réponses

% des personnes avec chaque résultat

Votre développement - résultats

Vous n’avez pas pris ce quiz depuis la dernière actualisation